| 000 | 01313cam a2200301 a 4500 | ||
|---|---|---|---|
| 003 | EG-GiCUC | ||
| 008 | 110525s1992 ua g 000 0 ara d | ||
| 017 |
_a1992/2972 _bمصر . دار الكتب |
||
| 040 |
_aEG-GiCUC _bara _cEG-GiCUC |
||
| 043 | _an-us--- | ||
| 050 | 4 |
_aE881 _b.N59 1992 |
|
| 092 | 0 | 4 |
_a327.73 _bN7367 _221 |
| 099 |
_a04 _a327.73 N7367 |
||
| 100 | 1 | _aنيكسون : ريتشارد | |
| 245 | 1 | 0 |
_aانتهزوا الفرصة..!: _bالتحدى الامريكى فى عالم الدولة العظمى الواحدة / _cريتشارد نيكسون ؛ ترجمة حاتم غانم |
| 250 | _aط1 | ||
| 260 |
_aالاسكندرية : _b شركة قايتباى للطباعة والنشر والتوزيع: _c1992 |
||
| 300 |
_a334ص؛ _c24سم |
||
| 490 | 1 | _aكتاب تحت الاضواء | |
| 546 |
_a الترجمة العربية لـ:seize the moment : _bamericas challenge in a one-superpower world |
||
| 651 | 7 |
_aالولايات المتحدة الامريكية _xالعلاقات الخارجية _y1989-1993 _2qrmak |
|
| 830 | 0 | _aكتاب تحت الاضواء | |
| 902 | _a1 | ||
| 905 |
_aابراهيم _eمراجع |
||
| 905 |
_aعبير _eمدخل |
||
| 942 |
_2ddc _cBK |
||
| 999 |
_c122699 _d122699 |
||